Universal's short essays and paragraphs on law including legal personalities for competitive examinations (Record no. 87500)

MARC details
000 -LEADER
fixed length control field 00660nam a22002057a 4500
005 - DATE AND TIME OF LATEST TRANSACTION
control field 20140821112230.0
010 ## - LCCN (DPL NO)
LC control number ENG-110591
020 ## - INTERNATIONAL STANDARD BOOK NUMBER
Terms of availability 125.00
International Standard Book Number 9789350351192
035 ## - SYSTEM CONTROL NUMBER
System control number EN-94123
037 ## - SOURCE OF ACQUISITION
Source of stock number/acquisition DBAD/PUB
082 ## - DEWEY DECIMAL CLASSIFICATION NUMBER
Classification number 340.1
100 ## - MAIN ENTRY--PERSONAL NAME
Personal name Arora, Manish
245 ## - TITLE STATEMENT
Title Universal's short essays and paragraphs on law including legal personalities for competitive examinations
Statement of responsibility, etc by Manish Arora
250 ## - EDITION STATEMENT
Edition statement 8th ed
260 ## - PUBLICATION, DISTRIBUTION, ETC. (IMPRINT)
Place of publication, distribution, etc Delhi
Name of publisher, distributor, etc Universal Publishing House
Date of publication, distribution, etc 2012
270 ## - ADDRESS
Address C-FF-1A, Dilkhush Industrial Estate
City Delhi
Postal code 110033
300 ## - PHYSICAL DESCRIPTION
Extent xi,135p.
Dimensions 24cm(pbk)
500 ## - GENERAL NOTE
General note Includes index
942 ## - ADDED ENTRY ELEMENTS (KOHA)
Source of classification or shelving scheme Dewey Decimal Classification
Item type English Books
Call number suffix ARO
Classification part 340.1
Holdings
Withdrawn status Lost status Not for loan Collection code Home library Current library Date acquired Source of acquisition Cost, normal purchase price Full call number Barcode Copy number Cost, replacement price Koha item type
    Not For Loan Non-fiction D.B.Act.Division D.B.Act.Division 30/07/2014 DBAD/PUB 125.00 340.1 ARO EN-94123 1 125.00 English Books

© Delhi Public Library
Hit Counter
free hit counter